| 000 | 00830nam a2200229 a 4500 | ||
|---|---|---|---|
| 001 | 38313 | ||
| 003 | BD-RjUL | ||
| 005 | 20211209052753.0 | ||
| 008 | 160503s2003 ii ||||e |||| 00| 0 ben d | ||
| 020 |
_a8187360518 _c: IRs.100.00 |
||
| 035 | _a(BD-RjUL)38418 | ||
| 040 |
_aBD-RjUL _bben _cBD-RjUL |
||
| 041 | _aben | ||
| 082 |
_a782.42162 _bPAA 2003 _223 |
||
| 100 |
_aপালিত, হরিদাস _9118422 |
||
| 245 | 1 | 0 |
_aআদ্যের গম্ভীরা / _cহরিদাস পালিত |
| 260 |
_aকলকাতা : _bলোকসংস্কৃতি ও আদিবাসী সংস্কৃতি কেন্দ, _c২০০৩ |
||
| 300 |
_a[৩০], ২২৫পৃ. ; _c২২ সেমি. |
||
| 650 |
_aলোক সংগীত _9118423 |
||
| 650 |
_aFolk song _9118424 |
||
| 942 |
_2ddc _cBK |
||
| 999 |
_c38313 _d38313 |
||